| 000 | 01088nam a22002657a 4500 | ||
|---|---|---|---|
| 005 | 20140903174928.0 | ||
| 008 | 131017s2010 ck frn 000 0dsp | ||
| 020 | _a9789587099706 | ||
| 040 |
_aCO-BoUCM _bspa _cAngélica Rojas _dAldemar Mondragón |
||
| 041 | 0 | 0 | _aspa |
| 100 | 1 |
_aÁvila, Fernando _941135 |
|
| 245 | 1 | 0 |
_aPuntuación sin misterios diez guías, diez propuestas de trabajo y diez respuestas sobre la forma más clara de escribir frases y párrafos y el uso preciso de los signos _cFernando Ávila ; asesoria Diana Rojas Buitrago, Luisa Fernanda Rojas |
| 260 |
_aBogotá (Colombia) _bIntermedio _c2010 |
||
| 300 | _a167 páginas | ||
| 490 | 0 | _aLa Vuelta al Español on Ochenta Guías | |
| 504 | _aIncluye referencias bibliográficas | ||
| 650 | 7 |
_aEspañol _xGramática _948907 |
|
| 650 | 7 |
_aGramática _916516 |
|
| 650 | 7 |
_aOrtografía _920914 |
|
| 690 |
_942858 _aLingüística aplicada |
||
| 700 | 1 |
_aRojas Buitrago, Diana _947847 |
|
| 700 | 1 |
_aRojas, Luisa Fernanda _947848 |
|
| 942 |
_a12 _cLIBRO _e1 _mA958p _2DEWEY _h465 |
||
| 999 |
_c180941 _d180941 |
||